| 000 | 01126nab a22002417a 4500 | ||
|---|---|---|---|
| 999 |
_c5358 _d5358 |
||
| 003 | OSt | ||
| 005 | 20250225205129.0 | ||
| 008 | 190603e xxum|||| |||| 00| 0 spa d | ||
| 040 | _cPJ-TDF | ||
| 100 |
_96124 _aDel Hoyo, Nicolás E. |
||
| 245 | 1 | 0 |
_aMedicamentos de alto costo y su cobertura. Panorama actual / _cNicolás E. del Hoyo. |
| 260 |
_cCiudad Autónoma de Buenos Aires : _aThomson Reuters La Ley, _b2024. |
||
| 300 | _ap. 14-19 | ||
| 500 | _aCita: TR LALEY AR/DOC/2916/2024. | ||
| 505 | _a Sumario: I. Introducción.— II. Definiendo un problema.— III. El rol de las agencias de evaluación de tecnologías sanitarias y otros tipos de regulación por el Estado.— IV. Conclusión. | ||
| 505 | _t¿Te interesa el texto completo? Solicitalo al correo: koha@justierradelfuego.gov.ar | ||
| 650 | 0 |
_91253 _aDERECHO A LA SALUD |
|
| 650 | 0 |
_94613 _aCOBERTURA MEDICA |
|
| 650 | 0 |
_95612 _aMEDICAMENTOS |
|
| 650 | 0 |
_96128 _aPOLÍTICA SANITARIA |
|
| 773 | 0 |
_02713 _93170 _dCiudad Autónoma de Buenos Aires : Thomson Reuters La Ley, 2015- _tRevista Código Civil y Comercial. Nº 6 - Diciembre 2024 |
|
| 942 |
_2udc _cANA |
||